[Event "Las Palmas Isla Bonita op 4th"]
[Site "Las Palmas"]
[Date "2019.04.15"]
[Round "4.6"]
[White "Otero Campos, Cintia"]
[Black "Hidalgo Santana, Fernando"]
[Result "0-1"]
[WhiteElo "1451"]
[BlackElo "2116"]
[PlyCount "88"]
[EventDate "2019.04.13"]
[EventType "swiss"]
[EventRounds "7"]
[EventCountry "ESP"]
[SourceTitle "CBM 190 Extra"]
[Source "ChessBase"]
[SourceDate "2019.07.15"]
[SourceVersion "1"]
[SourceVersionDate "2019.07.15"]
[SourceQuality "1"]

1. d4 f5 2. Nf3 d6 3. Bf4 Nf6 4. e3 g6 5. c4 Bg7 6. Be2 0-0 7. 0-0 Qe8 8. Nc3 c6 9. Rc1 Nh5 10. Bg3 e5 11. dxe5 dxe5 12. Re1 Nd7 13. Qc2 h6 14. h3 g5 15. Bh2 Nhf6 16. Qxf5 e4 17. Nd4 Nb6 18. Qc5 Qg6 19. Qd6 Re8 20. Qb4 Bf8 21. c5 Kh8 22. Na4 Nbd7 23. Qc4 Ne5 24. Qc2 g4 25. hxg4 Nexg4 26. Bf4 Nd5 27. Bg3 Ngxe3 28. Qd2 Bg7 29. Nc3 Nxc3 30. Qxe3 Nd5 31. Qd2 e3 32. Qd1 exf2+ 33. Bxf2 Bh3 34. Bf3 Nf4 35. Kh2 Rxe1 36. Qxe1 Bxg2 37. Qg1 Bxf3 38. Qxg6 Nxg6 39. Nxf3 Rf8 40. Kg3 Nf4 41. Rc2 Nd3 42. Bd4 Rxf3+ 43. Kxf3 Ne1+ 44. Ke4 Nxc2 0-1

[Event "Canarias-ch (Women)"]
[Site "Santa Cruz de Tenerife"]
[Date "2018.05.12"]
[Round "4"]
[White "Otero Campos, Cintia"]
[Black "Malmierca Julian, Noelia"]
[Result "1-0"]
[WhiteElo "1426"]
[BlackElo "1164"]
[PlyCount "125"]
[EventDate "2018.05.10"]
[EventType "swiss"]
[EventRounds "6"]
[EventCountry "ESP"]
[SourceTitle "EXT 2020"]
[Source "ChessBase"]
[SourceDate "2019.10.17"]
[SourceVersion "1"]
[SourceVersionDate "2019.10.17"]
[SourceQuality "1"]

1. d4 d5 2. Bf4 Nc6 3. c3 Nf6 4. e3 g6 5. Nf3 Bg7 6. Be2 0-0 7. h3 Bd7 8. 0-0 h6 9. Nbd2 g5 10. Bh2 g4 11. hxg4 Nxg4 12. Bg3 e5 13. Nh4 Bf6 14. Bxg4 Be6 15. Bxe6 fxe6 16. Qg4+ Kf7 17. Qh5+ Kg7 18. Qg6+ Kh8 19. Qxh6+ Kg8 20. dxe5 Nxe5 21. Bxe5 Bxe5 22. Qxe6+ Rf7 23. Qxe5 Qxh4 24. Qg3+ Qxg3 25. fxg3 Rxf1+ 26. Rxf1 Re8 27. Re1 Re7 28. e4 c5 29. Kf1 dxe4 30. Rxe4 Rf7+ 31. Ke2 Kf8 32. Rf4 Rxf4 33. gxf4 Ke7 34. Kd3 Ke6 35. Kc4 b6 36. b4 cxb4 37. cxb4 Kf5 38. g3 Kg4 39. Kb5 Kxg3 40. Ka6 Kxf4 41. Kxa7 Ke3 42. Nc4+ Kd4 43. Nxb6 Kc3 44. b5 Kb4 45. Ka6 Ka3 46. Nd7 Kxa2 47. b6 Kb3 48. b7 Kc4 49. b8Q Kd5 50. Qb4 Kc6 51. Qb5+ Kd6 52. Qa5 Ke7 53. Qb6 Ke8 54. Nc5 Kf7 55. Qd6 Ke8 56. Qc7 Kf8 57. Kb5 Ke8 58. Kc6 Kf8 59. Kd6 Kg8 60. Qe7 Kh8 61. Ke6 Kg8 62. Kf6 Kh8 63. Qg7# 1-0

[Event "Isla de la Palma Semana Santa op 3rd"]
[Site "Isla de la Palma"]
[Date "2018.03.27"]
[Round "6"]
[White "Garcia Almeida, Aitana Maria"]
[Black "Otero Campos, Cintia"]
[Result "0-1"]
[WhiteElo "1609"]
[BlackElo "1367"]
[PlyCount "98"]
[EventDate "2018.03.24"]
[EventType "swiss"]
[EventRounds "7"]
[EventCountry "ESP"]
[SourceTitle "CBM 183 Extra"]
[Source "ChessBase"]
[SourceDate "2018.04.19"]
[SourceVersion "1"]
[SourceVersionDate "2018.04.19"]
[SourceQuality "1"]

1. Nf3 d5 2. g3 Nf6 3. Bg2 Bf5 4. d3 e6 5. Nbd2 Be7 6. 0-0 0-0 7. c3 c5 8. Qc2 h6 9. e4 dxe4 10. dxe4 Bh7 11. Re1 Nc6 12. Nc4 b5 13. Nce5 Nxe5 14. Nxe5 Qc7 15. Nd3 Rad8 16. Bf4 Qb6 17. Rad1 c4 18. Ne5 Bd6 19. Qe2 Bc7 20. Be3 Qb7 21. Rxd8 Rxd8 22. Bd4 Bb6 23. Bxb6 Qxb6 24. b3 cxb3 25. axb3 Qc5 26. c4 Qxe5 27. cxb5 Qc3 28. h3 Qxb3 29. Ra1 Bg6 30. Rxa7 Rb8 31. e5 Nd5 32. Bf1 Nc3 33. Qe3 Qb4 34. Rc7 Nxb5 35. Rc4 Qa3 36. Qe1 Bd3 37. Bxd3 Qxd3 38. Rb4 Rd8 39. Kg2 Nd4 40. Rb2 Qf3+ 41. Kh2 Nf5 42. Rd2 Rxd2 43. Qxd2 Qe4 44. Qb2 Qd4 45. Qe2 Qd5 46. Qb2 Nd4 47. Qb8+ Kh7 48. Qf8 Nf3+ 49. Kg2 Nh4+ 0-1

[Event "Santa Cruz La Palma Christmas op"]
[Site "Santa Cruz de La Palma"]
[Date "2017.12.18"]
[Round "3.8"]
[White "Otero Campos, Cintia"]
[Black "Morcuende Hurtado, Miguel Angel"]
[Result "1/2-1/2"]
[WhiteElo "1363"]
[BlackElo "1652"]
[PlyCount "78"]
[EventDate "2017.12.16"]
[EventType "swiss"]
[EventRounds "7"]
[EventCountry "ESP"]
[SourceTitle "EXT 2024"]
[Source "ChessBase"]
[SourceDate "2023.10.10"]
[SourceVersion "1"]
[SourceVersionDate "2023.10.10"]
[SourceQuality "1"]

1. d4 Nf6 2. Nf3 e6 3. Bf4 b6 4. e3 d6 5. c4 Be7 6. Be2 Nbd7 7. h3 Ne4 8. Nbd2 f5 9. Rc1 Ndf6 10. 0-0 Bb7 11. b4 0-0 12. Qb3 c5 13. a3 Qe8 14. Rfe1 Qg6 15. Nf1 Rfd8 16. Red1 h6 17. dxc5 dxc5 18. Ne5 Qe8 19. Ng3 Nxg3 20. Bxg3 Rxd1+ 21. Rxd1 Rd8 22. b5 Ne4 23. Bf4 Bf6 24. Rd3 Ba8 25. f3 Ng5 26. Qd1 Rxd3 27. Qxd3 Qc8 28. Qd6 Nf7 29. Nxf7 Kxf7 30. Qc7+ Qxc7 31. Bxc7 Bc3 32. Bb8 Ba5 33. Bxa7 h5 34. Bb8 Bb7 35. Kf2 Bd2 36. Bc7 Ba5 37. f4 g6 38. g4 hxg4 39. hxg4 Be4 1/2-1/2

[Event "Mondariz Cemar op 2nd"]
[Site "Mondariz"]
[Date "2015.08.18"]
[Round "4"]
[White "Otero Campos, Cintia"]
[Black "Romera Carrion, Ruben"]
[Result "1/2-1/2"]
[WhiteElo "1139"]
[BlackElo "1191"]
[PlyCount "34"]
[EventDate "2015.08.16"]
[EventType "swiss"]
[EventRounds "9"]
[EventCountry "ESP"]
[SourceTitle "EXT 2019"]
[Source "ChessBase"]
[SourceDate "2018.10.10"]
[SourceVersion "1"]
[SourceVersionDate "2018.10.10"]
[SourceQuality "1"]

1. e4 e5 2. Nf3 Nc6 3. d4 exd4 4. Nxd4 Nxd4 5. Qxd4 b6 6. Bc4 Qf6 7. Qxf6 Nxf6 8. Bf4 Bc5 9. h3 0-0 10. 0-0 Nxe4 11. Bd5 Nxf2 12. Bxa8 Nxh3+ 13. Kh2 Nxf4 14. Rxf4 Bd6 15. Kg3 Bxf4+ 16. Kxf4 c6 17. Ke5 Ba6 1/2-1/2